1922 1369 1640 1503 1222 1174 1717 1646 1365 1323 1894 1778 1256 1883 1377 1967 1169 1052 1520 1225 1471 1354 1692 1481 1967 1608 1909 1454 1329 1539 1604 1004 1841 1583 1614 1102 1208 1272 1457 1958 1558 1284 1951 1632 1074 1987 1676 1452 1048 1877 1843 1748 1435 1952 1774 1315 1474 1798 1338 1704 1600 1091 1682 1792 1578 1392 1646 1472 1159 1974 1331 1265 1889 1229 1492 1640 1623 1368 1274 1034 1827 1273 1567 1554 1167 1660 1817 1304 1988 1933 1466 1572 1303 1393 1099 1429 1855 1399 1446 BCNSPRNW ULIB Ver.6.0+V

เปลี่ยนเป็นภาษาไทย

Change to English
 แสดงรายละเอียดบรรณานุกรม
  กลับหน้าหลัก

Brief Record : Get Marc (ISO 2709) : E-mail record : QR code < ปิดหน้าต่าง
LEADER : 00000nam 2200000uu 4500
001    13399112358
003     ULIB
008    110203s2548||||th 000 0 tha d
020    9746144928(ล.2)
020    9789746144926
050  4 HF5415.5^bส719จ ล.2 2548
110 1  มหาวิทยาลัยสุโขทัยธรรมาธิราช^bสาขาวิชาคหกรรมศาสตร์
245 00 เอกสารการสอนชุดวิชาจิตวิทยาการบริการ หน่วยที่ 8-15 =^bPsychology for the hospitality industry /^cมหาวิทยาลัยสุโขทัยธรรมธิราช สาขาวิชาคหกรรมศาสตร์
246 0  Psychology for the hospitality industry
250    พิมพ์ครั้งที่ 9
260    นนทบุรี:^bศูนย์หนังสือมหาวิทยาลัยสุโขทัยธรรมาธิราช,^c2548
300    410 หน้า
650  7 การบริการลูกค้า
650  7 จิตวิทยาอุตสาหกรรม
945    ^p0^l0^i018927
995    ทศพร
999 ^a ใช้งานได้ทุกระบบ
รายการนี้ยังไม่มีแท็ก
คุณยังไม่ได้ล็อกอิน คุณสามารถมีกิจกรรมร่วมกับเว็บไซต์ได้ แต่ต้องล็อกอินก่อน ::
  ล็อกอิน

รายการสื่อสารสนเทศ

ลำดับที่ ประเภท เลขเรียก/บาร์โค้ด สถานที่ สถานะ
- ไม่พบข้อมูล -

รายการใกล้เคียง
    หัวเรื่อง [การบริการลูกค้า]
    หัวเรื่อง [จิตวิทยาอุตสาหกรรม]

BibComment


ยังไม่เคยถูกคอมเมนท์

คอมเมนท์ทรัพยากรรายการนี้
  คอมเมนท์: เอกสารการสอนชุดวิ..


 Copyright 2026. Bcnsprnw @Library